groups of 4 - Statistics

General Stats
  • This quiz has been taken 2,905 times
    2,803 since last reset
  • The average score is 48 of 64
Answer Stats
Hint Answer % Correct
summer
100%
winter
100%
fall
99%
seasons spring
99%
cardinal direction north
98%
east
97%
south
97%
west
97%
earth
96%
earth
96%
playing cards heart
96%
diamond
94%
mars
94%
spade
94%
elements fire
92%
john
92%
saturn
92%
club
91%
venus
91%
water
91%
nations of the uk england
90%
gas planets jupiter
90%
uranus
90%
rocky planets mercury
89%
paul
89%
ringo
89%
scotland
89%
basic math operations addition
88%
gas
88%
states of matter liquid
88%
neptune
88%
wales
88%
division
87%
multiplication
87%
solid
87%
subtraction
85%
air
84%
senior
81%
donatello
78%
junior
78%
northern ireland
78%
leonardo
77%
beatles george
76%
years of high school freshman
75%
basic food groups meat
75%
raphael
75%
ninja turtles michelangelo
71%
sophomore
70%
fruits and vegetables
67%
dairy
60%
plasma
54%
death
49%
fantastic 4 the thing
49%
whole grain
49%
human torch
44%
mr fantastic
44%
famine
43%
invisible woman
41%
riders of the apocalypse war
40%
pestilence
30%
four winds boreas
3%
eurus
3%
zephyrus
3%
notus
2%
No matching quizzes found
Score Distribution
Percent of People with Each Score
Percentile by Number Answered
Your Score History
You have not taken this quiz since the last reset